[Event "EU-chT Seniors 65"]
[Site "Swidnica"]
[Date "2023.07.17"]
[Round "6.8"]
[White "Freeman, Richard"]
[Black "Grossmann, Ryszard"]
[Result "1-0"]
[WhiteElo "1987"]
[BlackElo "1904"]
[PlyCount "97"]
[EventDate "2023.07.12"]
[EventType "team-swiss"]
[EventRounds "9"]
[EventCountry "POL"]
[SourceTitle "CBM 215 Extra"]
[Source "ChessBase"]
[SourceDate "2023.09.30"]
[SourceVersion "1"]
[SourceVersionDate "2023.09.30"]
[SourceQuality "1"]
[WhiteTeam "England 65 III"]
[BlackTeam "Lower Silesia 65 II"]
[WhiteTeamCountry "ENG"]
[BlackTeamCountry "POL"]

1. d4 c5 2. d5 e5 3. e4 d6 4. Nc3 Nf6 5. f4 Be7 6. Nf3 Nbd7 7. Be2 0-0 8. 0-0 a6 9. a4 Ne8 10. f5 b6 11. g4 h6 12. Qe1 Bg5 13. Bxg5 hxg5 14. Qd2 f6 15. h4 gxh4 16. Nxh4 Rf7 17. Ng6 Nf8 18. Bf3 Nxg6 19. fxg6 Rb7 20. Qh2 Kf8 21. g5 Ke7 22. Qh8 f5 23. exf5 Kd7 24. f6 Kc7 25. f7 Qxg5+ 26. Kf2 Bd7 27. f8Q Qd2+ 28. Ne2 Qxc2 29. Qf7 Rd8 30. Qh4 Kc8 31. Qfe7 Nf6 32. Qxg7 Ng8 33. Qe4 Qd2 34. Rh1 Bxa4 35. Qxb7+ Kxb7 36. Qxa4 a5 37. Qb5 Nf6 38. Rhd1 Qg5 39. Rg1 Qh4+ 40. Ke3 e4 41. Qc6+ Ka7 42. Nc3 Qh6+ 43. Kf2 Qh4+ 44. Kf1 Rd7 45. g7 exf3 46. Rxa5+ bxa5 47. Nb5+ Kb8 48. g8Q+ Nxg8 49. Rxg8+ 1-0

[Event "BCF-chT3Sb 1920 (4NCL)"]
[Site "England"]
[Date "2020.02.09"]
[Round "6.63"]
[White "Okhai, Shabir"]
[Black "Freeman, Richard"]
[Result "1-0"]
[WhiteElo "2103"]
[BlackElo "2025"]
[PlyCount "91"]
[EventDate "2019.11.09"]
[EventType "team-tourn"]
[EventRounds "11"]
[EventCountry "ENG"]
[SourceTitle "EXT 2023"]
[Source "ChessBase"]
[SourceDate "2022.10.05"]
[SourceVersion "1"]
[SourceVersionDate "2022.10.05"]
[SourceQuality "1"]
[WhiteTeam "Fermented Sharks"]
[BlackTeam "MK Phoenix"]
[WhiteTeamCountry "ENG"]
[BlackTeamCountry "ENG"]

1. e4 c5 2. Nf3 g6 3. d4 cxd4 4. Nxd4 Bg7 5. Nc3 Nc6 6. Be3 Nf6 7. Bc4 0-0 8. Bb3 Qc7 9. f3 a6 10. Qd2 d6 11. h4 h5 12. 0-0-0 Na5 13. Kb1 b5 14. Nd5 Nxd5 15. exd5 Nc4 16. Bxc4 bxc4 17. c3 Bd7 18. g4 Rfb8 19. gxh5 Rb7 20. hxg6 Rab8 21. gxf7+ Kxf7 22. h5 Rxb2+ 23. Qxb2 Rxb2+ 24. Kxb2 Qb7+ 25. Ka1 Qxd5 26. h6 Bh8 27. Ne2 Qa5 28. Bd4 e5 29. Be3 Bf5 30. Rc1 Bd3 31. Ng3 d5 32. Rh5 Qa3 33. Bd2 d4 34. Ne4 dxc3 35. Rxc3 Qb4 36. Rxd3 Qa4 37. Rc3 Qd1+ 38. Rc1 Qe2 39. Bc3 Ke7 40. Rh3 Qe3 41. Rb1 Kd8 42. h7 Ke7 43. a3 a5 44. Ka2 a4 45. Rg3 Qh6 46. Rg8 1-0

[Event "BCF-chT3S 1718 (4NCL) Promotion pool"]
[Site "England"]
[Date "2018.05.07"]
[Round "11.34"]
[White "Young, Alan J"]
[Black "Freeman, Richard"]
[Result "1/2-1/2"]
[WhiteElo "2023"]
[BlackElo "2009"]
[PlyCount "62"]
[EventDate "2017.11.11"]
[EventType "team-tourn"]
[EventRounds "11"]
[EventCountry "ENG"]
[SourceTitle "EXT 2020"]
[Source "ChessBase"]
[SourceDate "2019.10.17"]
[SourceVersion "1"]
[SourceVersionDate "2019.10.17"]
[SourceQuality "1"]
[WhiteTeam "Rhyfelwyr Essyllwg"]
[BlackTeam "MK Phoenix"]
[WhiteTeamCountry "WLS"]
[BlackTeamCountry "ENG"]

1. e4 c5 2. Nf3 g6 3. d4 cxd4 4. Nxd4 Bg7 5. c4 Nc6 6. Be3 Nf6 7. Nc3 0-0 8. Be2 b6 9. 0-0 Bb7 10. f3 Qb8 11. Nd5 Nxd5 12. cxd5 Nxd4 13. Bxd4 Bxd4+ 14. Qxd4 Qd6 15. Rac1 Rac8 16. Qe3 Rxc1 17. Rxc1 Rc8 18. Rxc8+ Bxc8 19. Qc3 Bb7 20. b4 e6 21. Bc4 a5 22. a3 axb4 23. axb4 exd5 24. exd5 b5 25. Bb3 Bxd5 26. Bxd5 Qxd5 27. h3 Qd1+ 28. Kh2 d5 29. Qe5 d4 30. Qe8+ Kg7 31. Qe5+ Kg8 1/2-1/2

[Event "BCF-chT3S 1617 (4NCL) Promotion pool"]
[Site "England"]
[Date "2017.03.19"]
[Round "8.44"]
[White "George, Matthew P"]
[Black "Freeman, Richard"]
[Result "1-0"]
[WhiteElo "2027"]
[BlackElo "2004"]
[PlyCount "95"]
[EventDate "2016.11.26"]
[EventType "team-tourn"]
[EventRounds "11"]
[EventCountry "ENG"]
[SourceTitle "EXT 2019"]
[Source "ChessBase"]
[SourceDate "2018.10.10"]
[SourceVersion "1"]
[SourceVersionDate "2018.10.10"]
[SourceQuality "1"]
[WhiteTeam "Fermented Sharks"]
[BlackTeam "MK Phoenix"]
[WhiteTeamCountry "ENG"]
[BlackTeamCountry "ENG"]

1. d4 g6 2. e4 Bg7 3. Nc3 c5 4. d5 d6 5. Be3 Na6 6. Qd2 Nc7 7. h4 h5 8. Nh3 Bd7 9. a4 b6 10. Be2 a6 11. Ng5 b5 12. a5 b4 13. Nd1 Nf6 14. f3 0-0 15. Rg1 e6 16. dxe6 Bxe6 17. Nxe6 Nxe6 18. Bc4 Qe7 19. Qe2 d5 20. exd5 Nc7 21. Bg5 Qxe2+ 22. Kxe2 Nfxd5 23. Kd2 Bd4 24. Re1 Kg7 25. c3 Bf6 26. Bxf6+ Kxf6 27. Nf2 Rfd8 28. Kc2 Ne6 29. Rad1 Ndc7 30. Ne4+ Kg7 31. Ng5 Rxd1 32. Rxd1 Rd8 33. Nxe6+ Nxe6 34. Rxd8 Nxd8 35. Bd5 Kf6 36. Kd3 Ke5 37. Bc4 bxc3 38. bxc3 Kf4 39. Bxa6 Kg3 40. Bb5 Ne6 41. Bc4 Nf4+ 42. Ke4 f5+ 43. Ke5 Nxg2 44. a6 Nxh4 45. Bd5 f4 46. a7 Ng2 47. a8Q h4 48. Be6 1-0

[Event "BCF-chT3Sa 1617 (4NCL)"]
[Site "England"]
[Date "2017.03.18"]
[Round "7.26"]
[White "Freeman, Richard"]
[Black "Alcock, Graham P"]
[Result "1/2-1/2"]
[WhiteElo "2022"]
[BlackElo "1758"]
[PlyCount "47"]
[EventDate "2016.11.26"]
[EventType "team-tourn"]
[EventRounds "11"]
[EventCountry "ENG"]
[SourceTitle "EXT 2019"]
[Source "ChessBase"]
[SourceDate "2018.10.10"]
[SourceVersion "1"]
[SourceVersionDate "2018.10.10"]
[SourceQuality "1"]
[WhiteTeam "MK Phoenix"]
[BlackTeam "Surbiton"]
[WhiteTeamCountry "ENG"]
[BlackTeamCountry "ENG"]

1. d4 Nf6 2. Bg5 h6 3. Bxf6 exf6 4. e3 d5 5. g3 c6 6. Bg2 Nd7 7. Ne2 Nb6 8. b3 Bd6 9. Nd2 Be6 10. 0-0 Qd7 11. Nf4 0-0 12. Rc1 Ba3 13. Rb1 Bb4 14. Ne2 Bg4 15. f3 Bxd2 16. Qxd2 Bh3 17. Nf4 Bxg2 18. Kxg2 Rfe8 19. Rfe1 Re7 20. Re2 Rae8 21. Rbe1 f5 22. Nd3 Qd6 23. Nc5 Nc8 24. c3 1/2-1/2

[Event "BCF-chT3Sd 1516 (4NCL)"]
[Site "England"]
[Date "2016.04.30"]
[Round "9.99"]
[White "Byron, Alan M"]
[Black "Freeman, Richard"]
[Result "1-0"]
[WhiteElo "2175"]
[BlackElo "1996"]
[PlyCount "45"]
[EventDate "2016.03.20"]
[EventType "team-swiss"]
[EventRounds "11"]
[EventCountry "ENG"]
[SourceTitle "EXT 2017"]
[Source "ChessBase"]
[SourceDate "2016.10.25"]
[SourceVersion "1"]
[SourceVersionDate "2016.10.25"]
[SourceQuality "1"]
[WhiteTeam "The Rookies"]
[BlackTeam "MK Phoenix II"]
[WhiteTeamCountry "ENG"]
[BlackTeamCountry "ENG"]

1. e4 c5 2. Nf3 g6 3. d4 cxd4 4. Qxd4 Nf6 5. Nc3 Nc6 6. Qa4 Bg7 7. e5 Ng8 8. Bf4 f6 9. exf6 Nxf6 10. Bc4 d5 11. 0-0-0 e6 12. Nxd5 exd5 13. Rhe1+ Kf8 14. Qa3+ Kg8 15. Ng5 Bf5 16. Rxd5 Nxd5 17. Re8+ Qxe8 18. Bxd5+ Be6 19. Bxe6+ Qxe6 20. Nxe6 Re8 21. Qb3 Re7 22. Ng5+ Kf8 23. Bd6 1-0

[Event "BCF-ch Seniors 50"]
[Site "Coventry"]
[Date "2015.08.06"]
[Round "5"]
[White "Phillips, Owen S"]
[Black "Freeman, Richard"]
[Result "1/2-1/2"]
[WhiteElo "1942"]
[BlackElo "2010"]
[PlyCount "23"]
[EventDate "2015.08.02"]
[EventType "swiss"]
[EventRounds "6"]
[EventCountry "ENG"]
[SourceTitle "CBM 167 Extra"]
[Source "ChessBase"]
[SourceDate "2015.09.14"]
[SourceVersion "1"]
[SourceVersionDate "2015.09.14"]
[SourceQuality "1"]

1. d4 g6 2. e4 Bg7 3. Nc3 d6 4. h4 h5 5. Nh3 a6 6. Be3 b5 7. Qd2 Bb7 8. f3 Nd7 9. Ng5 c5 10. Ne2 cxd4 11. Nxd4 Nc5 12. c4 1/2-1/2

[Event "BCF-ch Seniors 50"]
[Site "Coventry"]
[Date "2015.08.02"]
[Round "1"]
[White "Freeman, Richard"]
[Black "Chandler, Clifford R"]
[Result "0-1"]
[WhiteElo "2010"]
[BlackElo "2261"]
[PlyCount "64"]
[EventDate "2015.08.02"]
[EventType "swiss"]
[EventRounds "6"]
[EventCountry "ENG"]
[SourceTitle "CBM 167 Extra"]
[Source "ChessBase"]
[SourceDate "2015.09.14"]
[SourceVersion "1"]
[SourceVersionDate "2015.09.14"]
[SourceQuality "1"]

1. f4 e5 2. e4 d5 3. exd5 e4 4. d3 Nf6 5. Nc3 Bb4 6. dxe4 Nxe4 7. Nge2 0-0 8. Qd4 Nxc3 9. bxc3 Ba5 10. Bb2 Bb6 11. Qd3 Qf6 12. 0-0-0 Re8 13. c4 Qg6 14. Qxg6 hxg6 15. h3 Be3+ 16. Kb1 Na6 17. Bd4 Bf5 18. Kb2 Nb4 19. Bxe3 Rxe3 20. Nd4 Rae8 21. a3 Na6 22. Nb5 R8e4 23. Nc3 Rxf4 24. d6 Rf2 25. Bd3 cxd6 26. Bxf5 gxf5 27. Rxd6 Rxg2 28. Rd8+ Kh7 29. Rd7 Nc5 30. Rxf7 Nd3+ 31. Kb3 Nf2 32. Rf1 Ne4 0-1

[Event "BCF-chT2b 1415 (4NCL)"]
[Site "England"]
[Date "2015.03.28"]
[Round "7.11"]
[White "Prior, Stephen"]
[Black "Freeman, Richard"]
[Result "1-0"]
[WhiteElo "1998"]
[BlackElo "2039"]
[PlyCount "65"]
[EventDate "2014.11.15"]
[EventType "team-tourn"]
[EventRounds "7"]
[EventCountry "ENG"]
[SourceTitle "EXT 2016"]
[Source "ChessBase"]
[SourceDate "2015.10.08"]
[SourceVersion "1"]
[SourceVersionDate "2015.10.08"]
[SourceQuality "1"]
[WhiteTeam "Grantham Sharks II"]
[BlackTeam "MK Phoenix"]
[WhiteTeamCountry "ENG"]
[BlackTeamCountry "ENG"]

1. e4 d5 2. exd5 Nf6 3. Nf3 Nxd5 4. d4 g6 5. c4 Nb6 6. Nc3 Bg7 7. c5 Nd5 8. Bc4 Nxc3 9. bxc3 0-0 10. 0-0 c6 11. Bg5 h6 12. Bh4 g5 13. Bg3 Nd7 14. Re1 Nf6 15. Qc2 Nd5 16. Ne5 Be6 17. Bd3 Qc8 18. Rab1 Nf6 19. Nc4 Nd5 20. Rxe6 fxe6 21. Bh7+ Kh8 22. Ne5 Rf5 23. Bxf5 exf5 24. c4 Nf6 25. Ng6+ Kh7 26. Nxe7 Qd7 27. Nxf5 b6 28. Re1 Kh8 29. Nxg7 Kxg7 30. cxb6 axb6 31. Be5 Re8 32. h3 Kf7 33. Re3 1-0